Tanda-tanda besar,peristiwa menjelang kiamat
| Main Author: | |
|---|---|
| Format: | Book |
| Published: |
Kuala Lumpur :
AL-Hidayah Publishers ,
2000
|
| Subjects: |
MARC
| LEADER | 00000cam a2200000 7i4500 | ||
|---|---|---|---|
| 001 | 0000010706 | ||
| 005 | 20050624.0 | ||
| 020 | |a 9830991512 | ||
| 040 | |a INS | ||
| 090 | 0 | 0 | |a BP166.8. |b Y97 2000 |
| 100 | 1 | |a Yusuf Bin Abdullah Bin Yusuf Al-Wabil Ma | |
| 245 | 1 | 0 | |a Tanda-tanda besar,peristiwa menjelang kiamat |c Yusuf Bin Abdullah Bin Yusuf Al-Wabil Ma |
| 260 | |a Kuala Lumpur : |b AL-Hidayah Publishers , |c 2000 | ||
| 300 | |a viip : |b 256p ; |c 21cm. | ||
| 650 | 0 | 0 | |a Eshotology,islamic |
| 650 | 0 | 0 | |a Judgement day(islam) |
| 999 | |a 0000009874 |b BOOK |c Open Shelf |e Default branch | ||